[Event "Internet Section 06B g/8'+2\""]
[Site "Dos Hermanas"]
[Date "2004.03.07"]
[Round "9"]
[White "Kariotis, Iannis"]
[Black "Murdoch, John"]
[Result "1-0"]
[WhiteElo "1562"]
[BlackElo "1217"]
[PlyCount "71"]
[EventDate "2004.03.06"]
[EventType "swiss (blitz)"]
[EventRounds "9"]
[EventCountry "ESP"]
[SourceTitle "CBM 099 Extra"]
[Source "ChessBase"]
[SourceDate "2004.05.04"]
[SourceVersion "1"]
[SourceVersionDate "2004.05.04"]
[SourceQuality "1"]

1. e4 e6 2. d4 c5 3. Be3 cxd4 4. Bxd4 Nc6 5. Bc3 Nge7 6. Qg4 Ng6 7. Bd3 h5 8. Qe2 Nf4 9. Qf3 Bd6 10. Ne2 Ne5 11. Bxe5 Nxd3+ 12. cxd3 Bxe5 13. Nbc3 b6 14. 0-0 Bb7 15. Qe3 g5 16. d4 Bd6 17. a3 g4 18. e5 Bc7 19. Rac1 Qe7 20. Ne4 0-0-0 21. Rc2 Kb8 22. Rfc1 Bc6 23. b4 b5 24. Nc5 Bb6 25. f4 h4 26. Ne4 h3 27. g3 Kb7 28. Kf1 Qf8 29. N2c3 Qg7 30. Nf6 Bg2+ 31. Kg1 Qg6 32. Nxb5 Ka6 33. Nd6 Bf3 34. b5+ Ka5 35. Qc3+ Ka4 36. Qb4# 1-0